000
00251nam a2200097Ia 4500
005
20251222114344.0
008
251222s1900||||xx |||||||||||||| ||spa||
082
_a
DVD0192/U61/2004
245
0
_a
Conferencia: Borges y el lugar de la biblioteca:
942
_c
DVD
999
_c
973
_d
973